| 000 | 01282cam a22003254a 4500 | ||
|---|---|---|---|
| 090 | _c0 | ||
| 001 | 14831187 | ||
| 005 | 20070816110321.0 | ||
| 008 | 070502s2007 ne a 001 0 eng | ||
| 010 | _a2007018433 | ||
| 015 |
_aGBA728153 _2bnb |
||
| 016 | 7 |
_a013715248 _2Uk |
|
| 020 | _a9780123704801 | ||
| 035 | _a(OCoLC)ocn123374220 | ||
| 040 |
_aDLC _cDLC _dYDX _dUKM _dBAKER _dBTCTA _dYDXCP _dDLC |
||
| 050 | 0 | 0 |
_aTK5105.5 _b.M3372 2007 |
| 082 | 0 | 0 |
_a004.65 _222 _bMCC |
| 100 | 1 | _aMcCabe, James D. | |
| 245 | 1 | 0 |
_aNetwork analysis, architecture, and design / _cJames D. McCabe. |
| 250 | _a3rd ed. | ||
| 260 |
_aAmsterdan ; _aBoston : _bElsevier/Morgan Kaufmann Publishers, _cc2007. |
||
| 300 |
_axx, 473 p. : _bill. ; _c25 cm. |
||
| 440 | 4 | _aThe Morgan Kaufmann series in networking | |
| 500 | _aIncludes index. | ||
| 650 | 0 |
_aComputer networks _xDesign and construction. |
|
| 856 | 4 | 1 |
_3Table of contents only _uhttp://www.loc.gov/catdir/toc/ecip0717/2007018433.html |
| 942 |
_2ddc _cBB |
||
| 999 |
_c10673 _d10673 |
||